Noem de grootste en bekendste steden en plaatsen in Noord Holland - Statistieken

Algemene statistieken
  • Deze quiz is 50 keer genomen
    49 sinds de laatste reset
  • De gemiddelde score is 27 van 51
Antwoordstatistieken
Antwoord % Correct
Amsterdam
100%
Den Helder
100%
Haarlem
100%
Alkmaar
97%
Hoorn
97%
Enkhuizen
94%
Purmerend
86%
Zaandam
83%
Zandvoort
83%
Amstelveen
81%
Hilversum
78%
Schagen
75%
Beverwijk
72%
Castricum
72%
Heerhugowaard
69%
IJmuiden
69%
Volendam
69%
Aalsmeer
67%
Hoofddorp
67%
Heiloo
64%
Naarden
64%
Bloemendaal
58%
Diemen
58%
Heemskerk
58%
Uitgeest
58%
Heemstede
56%
Huizen
56%
Weesp
56%
Bergen aan Zee
53%
Bussum
53%
Egmond aan Zee
50%
Den Oever
44%
Medemblik
44%
Uithoorn
44%
Den Burg
42%
Laren
42%
Edam
39%
De Koog
33%
Julianadorp
31%
Muiden
31%
Monnickendam
28%
Schoorl
25%
Zwaag
22%
Marken
19%
De Cocksdorp
14%
Callantsoog
11%
Middenmeer
8%
Andijk
6%
Wognum
6%
Wervershoof
3%
Veenhuizen
0%
Geen overeenkomende quizzen gevonden
Scoreverdeling
Procent van Mensen met Elke Score
Percentiel versus Aantal Correcte Antwoorden
Uw Scoregeschiedenis
U heeft deze quiz nog niet genomen sinds de laatste reset